000 01816nam0a2200337 4500
001 RU\NLR\BIBL_A\022704440
005 20260408205209.0
035 _a(NLR Aleph) 022704440
090 _a13544425
_c13544425
100 _a20260120d2023 u y0rusy50 ca
101 0 _arus
102 _aRU
105 _aac z 010yy
181 0 _ai3
_baxxe
181 0 _ab2
_bxb2e
182 0 _an
200 1 _aВокруг манежа
_eк 145-летию цирка Чинизелли
_eпроект издания "Петербургский дневник"
_fтексты: Мария Мельникова, Владислав Вовк
_gредакторы: Максим Сю, Алла Колмакова
_gавтор идеи: Кирилл Смирнов
203 _aТекст
_aИзображение
_bвизуальные
_cнепосредственные
210 _aСанкт-Петербург
_cПетроцентр
_d2023
215 _a[83] с.
_cцв. ил., портр.
_d23x24
601 0 2 _aБольшой Санкт-Петербургский государственный цирк
_92146562
_3RU\NLR\AUTH\661597836
686 1 _aЩ353(2Р=Рус)7-692Санкт-Петербург8Цирк
702 1 _4570
_7ca
_8rus
_aМельникова
_bМ.
_cкорреспондент
_f1989-
_gМария
_92694841
_3RU\NLR\AUTH\770289322
702 1 _4340
_7ca
_8rus
_aСю
_bМ.
_cжурналист
_gМаксим
_92694843
_3RU\NLR\AUTH\770289324
702 1 _4245
_7ca
_8rus
_aСмирнов
_bК.
_cжурналист
_f1985-
_gКирилл
_92694842
_3RU\NLR\AUTH\770289323
711 0 2 _aБольшой Санкт-Петербургский государственный цирк
_9346435
_3RU\NLR\AUTH\8810230721
942 _cBOOK
980 _aNB